[Event "FICGS no engines 00 email"]
[Site "FICGS email"]
[Date "2010.11.14"]
[Round "1"]
[White "Padilla, Jesus"]
[Black "Clontz, Adam"]
[Result "1-0"]
[WhiteElo "1649"]
[BlackElo "1567"]
[PlyCount "37"]
[EventDate "2010.??.??"]
[EventType "swiss (corr)"]
[EventRounds "1"]
[SourceTitle "Corr 2013"]
[Source "ChessBase"]
[SourceDate "2012.11.12"]
[SourceVersion "1"]
[SourceVersionDate "2012.11.12"]
[SourceQuality "1"]

1. e4 e5 2. Nf3 Nc6 3. Bc4 Nd4 4. Nxd4 exd4 5. c3 Qh4 6. 0-0 Bc5 7. Qe2 Nh6 8. Na3 c6 9. Nc2 dxc3 10. bxc3 0-0 11. d4 Bd6 12. g3 Qh3 13. a4 Ng4 14. f3 Nh6 15. g4 Kh8 16. e5 Bc7 17. Ba3 Re8 18. Qg2 Qxg2+ 19. Kxg2 1-0

[Event "FICGS W-ch st1 g14 email"]
[Site "FICGS email"]
[Date "2010.07.02"]
[Round "1"]
[White "Clontz, Adam"]
[Black "Roe, Philip Lawrence"]
[Result "0-1"]
[WhiteElo "1521"]
[BlackElo "1821"]
[PlyCount "46"]
[EventDate "2010.??.??"]
[EventType "tourn (corr)"]
[EventRounds "6"]
[SourceTitle "Corr 2013"]
[Source "ChessBase"]
[SourceDate "2012.11.12"]
[SourceVersion "1"]
[SourceVersionDate "2012.11.12"]
[SourceQuality "1"]

1. Nf3 d6 2. g3 e5 3. d3 f5 4. c4 Nf6 5. Nc3 g6 6. Bg2 Bg7 7. 0-0 0-0 8. Rb1 h6 9. b4 Nc6 10. b5 Ne7 11. Nd2 f4 12. Nde4 Nxe4 13. Bxe4 a6 14. bxa6 Rxa6 15. Bxb7 Bxb7 16. Rxb7 Nc6 17. Nd5 Rxa2 18. Rxc7 Nd4 19. Bd2 f3 20. e3 Ne2+ 21. Kh1 Qg5 22. Nc3 Nxc3 23. Bxc3 Qg4 0-1